[Event "CRO-chT2a"]
[Site "Croatia"]
[Date "2009.04.26"]
[Round "6"]
[White "Nikolic, Petar"]
[Black "Martic, Zlatko"]
[Result "0-1"]
[WhiteElo "2242"]
[BlackElo "2341"]
[PlyCount "94"]
[EventDate "2009.04.04"]
[EventType "team-tourn"]
[EventRounds "9"]
[EventCountry "CRO"]
[SourceTitle "EXT 2010"]
[Source "ChessBase"]
[SourceDate "2010.11.25"]
[SourceVersion "1"]
[SourceVersionDate "2010.11.25"]
[SourceQuality "1"]

1. e4 d6 2. Nf3 Nf6 3. d3 g6 4. Nc3 Bg7 5. Bd2 c5 6. Be2 Nc6 7. Rb1 0-0 8. 0-0 e5 9. h3 h6 10. Qc1 Kh7 11. Nh2 d5 12. Bf3 Nd4 13. Qd1 Be6 14. Ng4 Nxf3+ 15. Qxf3 Nxg4 16. hxg4 d4 17. Nd5 f5 18. gxf5 gxf5 19. c4 f4 20. Qh5 Rg8 21. f3 Bf6 22. g4 Rg5 23. Qh3 Rg6 24. Kf2 Bh4+ 25. Ke2 Bg5 26. Rh1 Qd7 27. b4 cxb4 28. Rxb4 Kg7 29. Rhb1 b6 30. a4 h5 31. Rh1 Rh6 32. Qg2 hxg4 33. Rxh6 Bxh6 34. Rb1 Bg5 35. Rh1 Rh8 36. Rxh8 Kxh8 37. Qh2+ Qh7 38. Qxh7+ Kxh7 39. a5 bxa5 40. Bxa5 Kg6 41. c5 Kh5 42. c6 gxf3+ 43. Kxf3 Bg4+ 44. Kf2 Bh4+ 45. Kf1 f3 46. Be1 Bh3+ 47. Kg1 Bxe1 0-1

[Event "Corsica Masters 5th"]
[Site "Bastia"]
[Date "2001.10.29"]
[Round "1.1"]
[White "Leko, Peter"]
[Black "Nikolic, Petar"]
[Result "1-0"]
[WhiteElo "2739"]
[BlackElo "2260"]
[PlyCount "53"]
[EventDate "2001.10.29"]
[EventType "k.o. (rapid)"]
[EventRounds "4"]
[EventCountry "FRA"]
[SourceTitle "EXT 2002"]
[Source "ChessBase"]
[SourceDate "2001.11.25"]
[SourceVersion "1"]
[SourceVersionDate "2001.11.25"]
[SourceQuality "1"]

1. e4 e6 2. d4 d5 3. Nc3 Bb4 4. e5 c5 5. a3 Bxc3+ 6. bxc3 Ne7 7. Qg4 Kf8 8. Bd2 Qc7 9. Bd3 b6 10. Nh3 Ba6 11. Nf4 Bxd3 12. cxd3 Ng6 13. Nh5 Nc6 14. 0-0 Nce7 15. Ng3 Qd7 16. h4 Qa4 17. Rfe1 Nc6 18. h5 Ngxe5 19. Qf4 Nxd3 20. Qd6+ Kg8 21. Rxe6 fxe6 22. Qxe6+ Kf8 23. h6 Rg8 24. hxg7+ Rxg7 25. Bh6 Nd8 26. Bxg7+ Kxg7 27. Nf5+ 1-0